[Event "Indywidualne Mistrzostwa Polski do lat 20"]
[Site "Pokrzywna"]
[Date "1899-12-30"]
[Round "6.13"]
[White "Suder, Jakub"]
[Black "Majek, Kacper"]
[Result "1-0"]
[WhiteTitle "k"]
[BlackTitle "I++"]
[WhiteElo "2239"]
[BlackElo "2057"]

1. d4 d5 2. c4 e6 3. Nc3 Nf6 4. cxd5 exd5 5. Bg5 Be7 6. e3 O-O 7. Bd3 Nbd7 8. Qc2
c6 9. Nge2 Re8 10. O-O h6 11. Bf4 Nh5 12. Nxd5 Nxf4 13. Nxe7+ Qxe7 14. Nxf4 Nf6
15. Rac1 Be6 16. Nxe6 Qxe6 17. b4 Nd5 18. Qb3 Qe7 19. b5 Red8 20. Bc4 Qg5 21.
Bxd5 Qxd5 22. Qxd5 Rxd5 23. bxc6 bxc6 24. Rxc6 Ra5 25. Rc2 Rb8 26. f3 f5 27. Kf2
Rb4 28. Rd1 Kf7 29. e4 Raa4 30. Ke3 Ra3+ 31. Rd3 f4+ 32. Kd2 Ra6 33. d5 Rg6 34.
Kc3 Rb7 35. Rdd2 Kf6 36. Kd4 Rb4+ 37. Rc4 Rxc4+ 38. Kxc4 Ke7 39. d6+ Kd7 40. e5
Re6 41. Kd5 1-0

[Event "Indywidualne Mistrzostwa Polski do lat 20"]
[Site "Pokrzywna"]
[Date "1899-12-30"]
[Round "6.14"]
[White "Jarzebowski, Kacper"]
[Black "Kokoszczynski, Jan"]
[Result "1/2-1/2"]
[WhiteTitle "k+"]
[BlackTitle "FM"]
[WhiteElo "2107"]
[BlackElo "2221"]

1. c4 Nf6 2. Nc3 e6 3. g3 d5 4. Bg2 Be7 5. Nf3 O-O 6. d4 c6 7. O-O Nbd7 8. Qd3
b6 9. e4 Bb7 10. b3 dxe4 11. Nxe4 c5 12. Nxf6+ Bxf6 13. Bb2 cxd4 14. Nxd4 Bxg2
15. Kxg2 Nc5 16. Qe3 Qc7 17. Rad1 Qb7+ 18. f3 Rfd8 19. Bc3 Rd7 20. Ne2 Rad8 21.
Bxf6 gxf6 22. Rxd7 Qxd7 23. Nf4 Qd2+ 24. Qxd2 Rxd2+ 25. Rf2 Rd1 26. Rf1 Rd2+ 27.
Rf2 Rd1 28. Rf1 Rd4 29. Rf2 a5 30. Rc2 Rd1 31. Kf2 Kf8 32. Ke2 Rh1 33. Ke3 Ke7
34. Nd3 Kd6 35. Rd2 1/2-1/2

[Event "Indywidualne Mistrzostwa Polski do lat 20"]
[Site "Pokrzywna"]
[Date "1899-12-30"]
[Round "6.15"]
[White "Golecki, Jan"]
[Black "Kozlowski, Pawel"]
[Result "1-0"]
[WhiteTitle "k"]
[BlackTitle "I++"]
[WhiteElo "2162"]
[BlackElo "1924"]

1. e4 e6 2. d4 d5 3. Nd2 Nf6 4. e5 Nfd7 5. c3 c5 6. Bd3 Nc6 7. Ne2 cxd4 8. cxd4
f6 9. exf6 Nxf6 10. Nf3 Bd6 11. O-O O-O 12. Bf4 Bxf4 13. Nxf4 Ne4 14. Qc1 Ng5
15. Nxg5 Qxg5 16. Ne2 Qf6 17. Qe3 Bd7 18. Bb5 Nb8 19. Nc3 a6 20. Be2 b5 21. Bg4
b4 22. Ne2 Nc6 23. Rad1 a5 24. g3 Ne7 25. Nf4 Nf5 26. Qd3 Qg5 27. Bh3 Rf6 28.
Rfe1 Raf8 29. Re5 Qh6 30. Bxf5 Rxf5 31. Rxf5 Rxf5 32. Rc1 g5 33. Ng2 Qf8 34. Qe2
Qe8 35. Ne3 Bb5 36. Qe1 Rf8 37. Ng4 Qg6 38. Ne5 Qf5 39. Rc5 Rb8 40. Qc1 Be8 41.
Rc7 h6 42. Ra7 g4 43. h3 Qf6 44. Nxg4 Qg6 45. Nxh6+ Kh8 46. Qf4 1-0

[Event "Indywidualne Mistrzostwa Polski do lat 20"]
[Site "Pokrzywna"]
[Date "1899-12-30"]
[Round "6.16"]
[White "Jedrusik, Adam"]
[Black "Kowalski, Igor"]
[Result "0-1"]
[WhiteTitle "I"]
[BlackTitle "FM"]
[WhiteElo "1891"]
[BlackElo "2355"]

1. d4 Nf6 2. Bg5 d5 3. Bxf6 gxf6 4. c4 dxc4 5. Nc3 c6 6. a4 e5 7. dxe5 fxe5 8.
Qxd8+ Kxd8 9. O-O-O Kc7 10. Nf3 f6 11. e4 Be6 12. Kc2 Na6 13. Nd2 Nb4+ 14. Kb1
Nd3 15. Bxd3 cxd3 16. f4 exf4 17. Rhf1 Bd6 18. Nf3 Bb3 19. Rd2 Bc5 20. Ne1 Be3
21. Rxd3 Bc4 22. Rf3 Bxd3+ 23. Nxd3 Rhg8 24. Nxf4 Bxf4 25. Rxf4 Rxg2 26. Rxf6
Rd8 27. h4 Rdd2 28. Rf7+ Kb6 29. a5+ Ka6 30. Na4 Kxa5 31. Nc3 Rxb2+ 32. Ka1 Rbc2
0-1

[Event "Indywidualne Mistrzostwa Polski do lat 20"]
[Site "Pokrzywna"]
[Date "1899-12-30"]
[Round "6.17"]
[White "Kazmierowski, Tymon"]
[Black "Baum, Jonasz"]
[Result "0-1"]
[WhiteTitle "I+"]
[BlackTitle "IM"]
[WhiteElo "1996"]
[BlackElo "2308"]

1. e4 c5 2. Nf3 d6 3. d4 cxd4 4. Nxd4 Nf6 5. Nc3 a6 6. Be3 e6 7. f3 b5 8. Qd2 Bb7
9. a4 b4 10. Na2 d5 11. e5 Nfd7 12. f4 Nc5 13. Bd3 Nxd3+ 14. Qxd3 Nd7 15. O-O
g6 16. Qe2 Rc8 17. f5 Nc5 18. fxe6 Nxe6 19. Nxe6 fxe6 20. Qg4 Rxc2 21. Nxb4 Rc4
22. Qxe6+ Qe7 23. Qxe7+ Bxe7 24. Nd3 d4 25. Bh6 Be4 26. Nf2 Bc2 27. Ng4 Bc5 28.
Bg7 d3+ 29. Kh1 Rxg4 30. Bxh8 d2 31. e6 Be4 32. Rf3 Bxf3 33. gxf3 Rg1+ 0-1

[Event "Indywidualne Mistrzostwa Polski do lat 20"]
[Site "Pokrzywna"]
[Date "1899-12-30"]
[Round "6.18"]
[White "Kaliszuk, Kamil"]
[Black "Ochedzan, Tymon"]
[Result "0-1"]
[WhiteTitle "I+"]
[BlackTitle "CM"]
[WhiteElo "1961"]
[BlackElo "2246"]

1. d4 Nf6 2. c4 c5 3. d5 b5 4. cxb5 a6 5. e3 Bb7 6. Nc3 axb5 7. Bxb5 Qa5 8. Bd2
Qb6 9. Nf3 Nxd5 10. a4 e6 11. O-O Be7 12. e4 Nb4 13. Ne5 O-O 14. Qg4 Qc7 15. Bf4
Bd6 16. Qg3 f6 17. Nd3 Bxf4 18. Qxf4 Qxf4 19. Nxf4 N8c6 20. Rad1 Rfd8 21. Rd6
Kf7 22. Rfd1 Ke7 23. Nfe2 Nd4 24. Nxd4 Kxd6 25. Nc6+ Kc7 26. Nxd8 Rxd8 27. f3
d5 28. exd5 exd5 29. Re1 Kd6 30. Kf2 f5 31. Ne2 Bc6 32. Nc3 d4 33. Rd1 Kc7 34.
Nb1 Bxb5 35. axb5 Re8 36. Na3 Re3 37. b6+ Kb8 38. Nc4 Rb3 39. Rd2 Nd5 40. Rc2
d3 41. Rd2 Nxb6 42. Nxb6 Rxb6 43. Rxd3 Rxb2+ 44. Ke3 Rxg2 45. Rd7 c4 46. Rf7 c3
47. Rxf5 c2 48. Rc5 Rxh2 49. f4 Kb7 50. f5 Kb6 51. Rc8 Kb5 52. Kd3 Kb4 53. Rc7
Rg2 54. Rc6 h5 55. Rc4+ Kb5 56. Rc8 h4 57. Ke3 h3 58. Kf3 Rd2 59. Ke3 h2 60. Kxd2
h1=Q 0-1

[Event "Indywidualne Mistrzostwa Polski do lat 20"]
[Site "Pokrzywna"]
[Date "1899-12-30"]
[Round "6.19"]
[White "Redzisz, Michal"]
[Black "Szczurek, Krzysztof"]
[Result "1/2-1/2"]
[WhiteTitle "k"]
[BlackTitle "FM"]
[WhiteElo "2212"]
[BlackElo "2031"]

1. d4 Nf6 2. c4 g6 3. Nf3 Bg7 4. g3 O-O 5. Bg2 d6 6. O-O Nbd7 7. Qc2 e5 8. Rd1
Qe7 9. Nc3 Nb6 10. c5 dxc5 11. dxe5 Nfd7 12. Bg5 f6 13. exf6 Nxf6 14. e4 h6 15.
e5 hxg5 16. exf6 Qxf6 17. Ne4 Qxb2 18. Qxc5 g4 19. Nh4 Bf5 20. Rac1 Rad8 21. Rxd8
Rxd8 22. Nxf5 gxf5 23. Ng5 Qe5 24. Qxc7 Rd1+ 25. Bf1 Rxc1 26. Qxc1 Bh6 27. h4
gxh3 28. Bxh3 Qf6 29. f4 Bxg5 30. fxg5 Qd4+ 31. Kh2 Qf2+ 32. Bg2 Qxa2 33. Qc7
Qf7 34. Qb8+ Kg7 35. Qxa7 Qc7 36. Qa1+ Kg8 37. Qf6 Qh7+ 38. Kg1 Qc7 39. Qg6+ Kh8
40. Qh6+ Kg8 41. g6 Qg7 42. Qg5 Qd4+ 43. Kf1 Qa1+ 44. Kf2 Qd4+ 45. Qe3 Qxe3+ 46.
Kxe3 Kg7 47. Bxb7 Kxg6 48. g4 fxg4 49. Kf4 Nd5+ 50. Bxd5 g3 51. Kxg3 1/2-1/2

[Event "Indywidualne Mistrzostwa Polski do lat 20"]
[Site "Pokrzywna"]
[Date "1899-12-30"]
[Round "6.20"]
[White "Zabron, Maksym"]
[Black "Fiedorek, Michal"]
[Result "0-1"]
[WhiteTitle "I++"]
[BlackTitle "FM"]
[WhiteElo "1932"]
[BlackElo "2176"]

1. d4 d5 2. c4 e6 3. Nc3 Nf6 4. Nf3 c5 5. cxd5 Nxd5 6. e4 Nxc3 7. bxc3 cxd4 8.
cxd4 Bb4+ 9. Bd2 Bxd2+ 10. Qxd2 O-O 11. Bc4 Nd7 12. O-O b6 13. d5 Nc5 14. Qf4
Bb7 15. dxe6 Nxe6 16. Bxe6 fxe6 17. Qg4 Rf6 18. Rfd1 Qe7 19. Ne5 Rff8 20. Rac1
Rac8 21. Rxc8 Rxc8 22. h3 Qf6 23. Nd7 Qe7 24. Ne5 Rc7 25. Qe2 Qg5 26. f4 Qe7 27.
Qd3 Rc8 28. Kh2 h6 29. Qb3 Bxe4 30. Rd7 Qf6 31. Rf7 Rc2 32. Qa4 Rxg2+ 33. Kh1
Qh4 34. Qe8+ Kh7 35. Qxe6 Qe1# 0-1

[Event "Indywidualne Mistrzostwa Polski do lat 20"]
[Site "Pokrzywna"]
[Date "1899-12-30"]
[Round "6.21"]
[White "Karut, Kacper"]
[Black "Dixa, Oskar"]
[Result "0-1"]
[WhiteTitle "I"]
[BlackTitle "k"]
[WhiteElo "1607"]
[BlackElo "2087"]

1. e4 c5 2. Nf3 a6 3. d4 cxd4 4. Nxd4 Nf6 5. Nc3 e5 6. Nb3 Bb4 7. Bd3 d5 8. exd5
Nxd5 9. Bd2 Nxc3 10. bxc3 Bd6 11. O-O O-O 12. Qh5 f5 13. Bc4+ Kh8 14. Rad1 Qc7
15. Bd5 Nd7 16. c4 Nf6 17. Qh4 Nxd5 18. cxd5 Qxc2 19. Rc1 Qxa2 20. Rc3 f4 21.
g4 fxg3 22. Rxg3 Bf5 23. Kh1 Qc2 24. Re1 Rac8 25. Ree3 Qc4 26. Qg5 Qxd5+ 27. Kg1
g6 28. Bc3 Kg8 29. Nd2 Rc7 30. h4 e4 31. Rg2 Be5 32. Bxe5 Qxe5 33. Rgg3 Rc1+ 34.
Kh2 Qa1 35. Rg1 Rxg1 36. Qxg1 Qf6 37. Qg3 Rd8 38. Nf1 Qd6 0-1

[Event "Indywidualne Mistrzostwa Polski do lat 20"]
[Site "Pokrzywna"]
[Date "1899-12-30"]
[Round "6.22"]
[White "Krawczyk, Flawian"]
[Black "Warchol, Kamil"]
[Result "0-1"]
[WhiteTitle "I"]
[BlackTitle "CM"]
[WhiteElo "2073"]
[BlackElo "1755"]

1. e4 c5 2. Nf3 d6 3. Bb5+ Nd7 4. Ba4 Ngf6 5. O-O a6 6. c4 g6 7. Re1 Bg7 8. Nc3
O-O 9. h3 Ne5 10. Nxe5 dxe5 11. d3 e6 12. a3 Qd6 13. Rb1 b6 14. b4 Bd7 15. Be3
Rfb8 16. Re2 Bf8 17. Reb2 Qc7 18. bxc5 bxc5 19. Qc2 Bxa4 20. Qxa4 Rxb2 21. Rxb2
Nd7 22. Bd2 Bd6 23. Nb5 Qc6 24. Nc3 Qxa4 25. Nxa4 Rb8 26. Rxb8+ Bxb8 27. Ba5 Kf8
28. Nb6 Nxb6 29. Bxb6 Bd6 30. f4 exf4 31. d4 cxd4 32. c5 Be5 33. c6 Ke7 34. Bc5+
Kd8 35. Bb6+ Kc8 36. Kf1 d3 37. Ba5 Bc7 38. Bc3 Bd6 39. a4 Kc7 40. Ke1 Kxc6 41.
Kd2 e5 42. Kxd3 f5 43. Bb2 Kd7 44. Bc3 Ke6 45. Be1 Bc5 46. Ba5 g5 47. Bd2 h5 48.
Bc3 g4 49. hxg4 hxg4 50. Ba5 f3 0-1

[Event "Indywidualne Mistrzostwa Polski do lat 20"]
[Site "Pokrzywna"]
[Date "1899-12-30"]
[Round "6.23"]
[White "Karolczuk, Iwo"]
[Black "Dzwierzynski, Bartosz"]
[Result "0-1"]
[WhiteTitle "k"]
[BlackTitle "I"]
[WhiteElo "2065"]
[BlackElo "1939"]

1. d4 Nf6 2. Nf3 g6 3. c4 Bg7 4. g3 O-O 5. Bg2 d5 6. Nc3 c5 7. dxc5 Qa5 8. cxd5
Nxd5 9. Qxd5 Bxc3+ 10. Bd2 Rd8 11. Qxd8+ Qxd8 12. Bxc3 a5 13. O-O Nd7 14. Bd4
Qc7 15. Rac1 e5 16. Be3 Nf6 17. Nd2 Bd7 18. Bg5 Kg7 19. Nc4 Bc6 20. Bxf6+ Kxf6
21. e4 Kg7 22. Nb6 Rf8 23. Nd5 Qb8 24. b3 f5 25. f3 Qd8 26. Rfd1 Qg5 27. Rc3 h5
28. Ne3 h4 29. Nf1 fxe4 30. fxe4 Qg4 31. Re1 h3 32. Ne3 Qd7 33. Rd1 Qf7 34. Rf1
Qd7 35. Rd1 Qe6 36. Bh1 Bb5 37. Rc2 Qf6 38. Re1 Kh8 39. Rd2 Qc6 40. Rc1 Qf6 41.
Re1 Qe7 42. Rc1 Qg5 0-1

[Event "Indywidualne Mistrzostwa Polski do lat 20"]
[Site "Pokrzywna"]
[Date "1899-12-30"]
[Round "6.24"]
[White "Haliniak, Wojciech"]
[Black "Meers, Hubert"]
[Result "0-1"]
[WhiteTitle "I"]
[BlackTitle "k"]
[WhiteElo "1764"]
[BlackElo "1986"]

1. e4 c5 2. Nc3 a6 3. a4 Nc6 4. f4 d6 5. Nf3 g6 6. Bc4 Bg7 7. O-O e6 8. d3 Nf6
9. Qe1 O-O 10. Bb3 Rb8 11. f5 exf5 12. Qh4 Nd4 13. Bg5 Ne6 14. exf5 gxf5 15. Rae1
Nxg5 16. Qxg5 Ng4 17. Qh5 Nf6 18. Qh4 d5 19. Ng5 h6 20. Qg3 Ra8 21. Nh3 c4 22.
dxc4 dxc4 23. Ba2 Be6 24. Nf4 Qb6+ 25. Qe3 Qxe3+ 26. Rxe3 Ne4 27. Nxe6 fxe6 28.
Bxc4 Bd4 29. Rfe1 Rf6 30. Nxe4 fxe4 31. Kh1 Bxe3 32. Rxe3 Rc8 0-1

[Event "Indywidualne Mistrzostwa Polski do lat 20"]
[Site "Pokrzywna"]
[Date "1899-12-30"]
[Round "6.25"]
[White "Panek, Bartosz"]
[Black "Ochedzan, Filip"]
[Result "1-0"]
[WhiteTitle "I+"]
[BlackTitle "II"]
[WhiteElo "1981"]
[BlackElo "1617"]

1. e4 c5 2. Nf3 d6 3. c3 Nf6 4. h3 Nbd7 5. Bd3 e6 6. Bc2 a6 7. d4 cxd4 8. cxd4
Be7 9. Nc3 Qc7 10. O-O b5 11. Re1 Bb7 12. a3 O-O 13. Bf4 Rfe8 14. e5 Nd5 15. Nxd5
Bxd5 16. Rc1 Qb6 17. Ng5 Bxg5 18. Bxg5 Nf8 19. Qg4 Qb7 20. exd6 f5 21. Qg3 Kh8
22. Bb3 Rac8 23. Bf4 Ng6 24. Be5 a5 25. h4 f4 26. Bxd5 Qxd5 27. Bxf4 Nxf4 28.
Qxf4 Rcd8 29. Rc5 Qxd6 30. Qxd6 Rxd6 31. Rxb5 Ra8 32. Ree5 a4 33. Ra5 Rda6 34.
Rxa6 Rxa6 35. d5 Kg8 36. dxe6 Kf8 37. Re4 Ke7 38. Kf1 h6 39. f4 g6 40. g4 Ra5
41. Ke2 Rb5 42. Rb4 Ra5 43. Rb6 g5 44. hxg5 hxg5 45. f5 Ra7 46. Kd3 Rc7 47. Rb4
Ra7 48. Rd4 Ra6 49. Kc3 Rc6+ 50. Kb4 Rb6+ 51. Kxa4 Rxb2 52. Rd7+ Kf6 53. Rf7+
1-0

[Event "Indywidualne Mistrzostwa Polski do lat 20"]
[Site "Pokrzywna"]
[Date "1899-12-30"]
[Round "6.26"]
[White "Suska, Szymon"]
[Black "Janeczko, Jakub"]
[Result "1/2-1/2"]
[WhiteTitle "I"]
[BlackTitle "I++"]
[WhiteElo "1548"]
[BlackElo "1980"]

1. e4 c5 2. Nf3 Nc6 3. d4 cxd4 4. Nxd4 g6 5. Nc3 Bg7 6. Be3 Nf6 7. f3 O-O 8. g4
Qb6 9. Na4 Qa5+ 10. c3 d6 11. b4 Nxb4 12. cxb4 Qxb4+ 13. Kf2 Bd7 14. Rb1 Qxa4
15. Qxa4 Bxa4 16. Rxb7 e5 17. Nb5 Rfb8 18. Nxd6 Rxb7 19. Nxb7 Rb8 20. Ba6 Bc6
21. Rc1 Bxe4 22. g5 Bxb7 23. Bxb7 Ne8 24. Bd5 a5 25. Rc5 a4 26. Ra5 Nc7 27. Bc4
Rb4 28. Rc5 Rb7 29. Ra5 Rb4 30. Rc5 Rb7 31. Ra5 1/2-1/2

[Event "Indywidualne Mistrzostwa Polski do lat 20"]
[Site "Pokrzywna"]
[Date "1899-12-30"]
[Round "6.27"]
[White "Budzisz, Adrian"]
[Black "Wasik, Mateusz"]
[Result "1-0"]
[WhiteTitle "I+"]
[BlackTitle "I"]
[WhiteElo "1955"]
[BlackElo "1765"]

1. d4 d5 2. c4 e6 3. g3 Nf6 4. Bg2 Be7 5. Nf3 O-O 6. O-O dxc4 7. Qc2 b5 8. a4 b4
9. Nbd2 Bb7 10. Nxc4 Be4 11. Qb3 Nc6 12. Rd1 Qd5 13. Be3 Ng4 14. h3 Nf6 15. Ncd2
Na5 16. Qxd5 Bxd5 17. Rdc1 Rac8 18. Bg5 h6 19. Bxf6 Bxf6 20. e4 Bb7 21. Rc5 Nc6
22. Nb3 Rfd8 23. Rc4 Nxd4 24. Nfxd4 Ba6 25. Nb5 c6 26. e5 Bxe5 27. Rxc6 Bxb2 28.
Rb1 Bxb5 29. axb5 Bc3 30. Nc5 Rb8 31. Bf1 Rd2 32. Ne4 Rb2 33. Rxb2 Bxb2 34. Bc4
Bd4 35. Nd6 a5 36. bxa6 b3 37. Rc8+ Rxc8 38. Nxc8 1-0

[Event "Indywidualne Mistrzostwa Polski do lat 20"]
[Site "Pokrzywna"]
[Date "1899-12-30"]
[Round "6.28"]
[White "Liskiewicz, Jakub"]
[Black "Dziewonski, Dariusz"]
[Result "0-1"]
[WhiteTitle "I"]
[BlackTitle "I++"]
[WhiteElo "1504"]
[BlackElo "1925"]

1. d4 d5 2. c4 e6 3. Nc3 c6 4. Nf3 dxc4 5. a4 Bb4 6. e3 b5 7. Be2 Nf6 8. O-O O-O
9. Qc2 a5 10. Ne5 Nd5 11. e4 Nxc3 12. bxc3 Bd6 13. Nf3 Nd7 14. e5 Be7 15. Qe4
Nb6 16. axb5 cxb5 17. Bd2 Nd5 18. Rfb1 Bd7 19. Qg4 Kh8 20. Qh5 Qe8 21. Qh3 f5
22. exf6 Bxf6 23. Ne5 Bxe5 24. dxe5 Nf4 25. Bxf4 Rxf4 26. Bh5 Qe7 27. Qe3 Raf8
28. Rxa5 Rxf2 29. Bf3 R2xf3 30. gxf3 Bc6 31. f4 Qf7 32. Rf1 Qg6+ 33. Qg3 Qe4 34.
Ra7 g5 35. f5 Qh1+ 36. Kf2 Rxf5+ 37. Ke3 Qxf1 38. Kd4 Qf4+ 39. Kc5 Qxg3 40. hxg3
Bd5 0-1

[Event "Indywidualne Mistrzostwa Polski do lat 20"]
[Site "Pokrzywna"]
[Date "1899-12-30"]
[Round "6.29"]
[White "Jaworski, Tymon"]
[Black "Klim, Filip"]
[Result "0-1"]
[WhiteTitle "I"]
[BlackTitle "I++"]
[WhiteElo "1510"]
[BlackElo "1897"]

1. d4 d5 2. Bf4 Nf6 3. e3 e6 4. c4 Bd6 5. Bxd6 Qxd6 6. c5 Qe7 7. Nf3 Nbd7 8. Bb5
c6 9. Ba4 e5 10. O-O O-O 11. b4 a5 12. b5 cxb5 13. Bxb5 e4 14. Nfd2 b6 15. cxb6
Nxb6 16. Nc3 Qc7 17. Ne2 Ng4 18. Ng3 h5 19. Be2 Nxh2 20. Kxh2 h4 21. Rh1 hxg3+
22. fxg3 Bd7 23. Nb3 Na4 24. Rc1 Qd6 25. Qd2 Rab8 26. Rc2 Rb6 27. Re1 Qh6+ 28.
Kg1 Qg5 29. g4 Qh4 30. Rf1 Rh6 31. Nc5 Nxc5 32. Rxc5 Rb8 33. Rcc1 Qh2+ 34. Kf2
Rf6+ 35. Ke1 Qg3+ 36. Kd1 Ba4+ 37. Rc2 Rb1+ 38. Qc1 Rxc1+ 39. Kxc1 Rxf1+ 40. Bxf1
Qe1+ 41. Kb2 Bxc2 42. Kxc2 Qxf1 0-1

[Event "Indywidualne Mistrzostwa Polski do lat 20"]
[Site "Pokrzywna"]
[Date "1899-12-30"]
[Round "6.30"]
[White "Topola, Rafal"]
[Black "Bojczewski, Mateusz"]
[Result "0-1"]
[WhiteTitle "I"]
[BlackTitle "I+"]
[WhiteElo "1827"]
[BlackElo "1960"]

1. e4 c6 2. d4 d5 3. Nc3 dxe4 4. Nxe4 Nd7 5. Nf3 Ngf6 6. Neg5 h6 7. Nh3 e6 8. Bd3
Bd6 9. Bf4 Qc7 10. Bxd6 Qxd6 11. c3 b6 12. Qd2 Bb7 13. O-O-O O-O-O 14. Rhe1 c5
15. Nhg1 cxd4 16. Nxd4 Nc5 17. Ngf3 Bxf3 18. gxf3 Nxd3+ 19. Qxd3 Kb7 20. Qc4 Rc8
21. Qb3 Qxh2 22. Nb5 Qf4+ 23. Kb1 Rhd8 24. Ka1 a6 25. Nd4 Rd6 26. Ne2 Rxd1+ 27.
Rxd1 Qxf3 28. Nd4 Qd5 29. Rg1 Qxb3 30. axb3 Rg8 31. Nf3 g5 32. Ne5 Rg7 33. Rg3
h5 34. Rf3 Nd5 35. Nxf7 Kc7 36. Ne5 g4 37. Rg3 Rg5 38. Nd3 h4 39. Rg1 e5 40. Rh1
e4 41. Ne1 h3 42. Nc2 e3 43. fxe3 g3 0-1

[Event "Indywidualne Mistrzostwa Polski do lat 20"]
[Site "Pokrzywna"]
[Date "1899-12-30"]
[Round "6.31"]
[White "Kocierz, Pawel"]
[Black "Dalkowski, Rafal"]
[Result "1-0"]
[WhiteTitle "II"]
[BlackTitle "I"]
[WhiteElo "1701"]
[BlackElo "1871"]

1. Nf3 Nf6 2. g3 g6 3. Bg2 Bg7 4. O-O c5 5. c4 d6 6. d4 cxd4 7. Nxd4 O-O 8. Nc3
Nfd7 9. e4 Nc6 10. Be3 Nc5 11. Rc1 a5 12. b3 Ne5 13. h3 b6 14. f4 Ned3 15. Rc2
Bb7 16. Rd2 Nb4 17. a3 Nba6 18. e5 Bxg2 19. Kxg2 Qb8 20. Nd5 Qb7 21. Qf3 dxe5
22. fxe5 Bxe5 23. b4 axb4 24. axb4 e6 25. bxc5 exd5 26. c6 Qe7 27. cxd5 Nc7 28.
Rb1 Ra3 29. Rb3 Ra5 30. Ne2 Rd8 31. Bxb6 Raxd5 32. Rxd5 Rxd5 33. Bxc7 Bxc7 34.
Qxd5 Qxe2+ 35. Kh1 h5 36. Rf3 Qe7 37. Qd7 Qe1+ 38. Kg2 Qe2+ 39. Rf2 Qe4+ 40. Kh2
Bxg3+ 41. Kxg3 h4+ 42. Kh2 Qe5+ 43. Kh1 Qe4+ 44. Kg1 Qe1+ 45. Kg2 Qe4+ 46. Kf1
Qc4+ 47. Ke1 Qc1+ 48. Ke2 Qc2+ 49. Kf3 Qc3+ 50. Kg2 Qg3+ 51. Kf1 Qxh3+ 52. Qxh3
1-0

[Event "Indywidualne Mistrzostwa Polski do lat 20"]
[Site "Pokrzywna"]
[Date "1899-12-30"]
[Round "6.32"]
[White "Rosa, Antoni"]
[Black "Starosciak, Szymon"]
[Result "0-1"]
[WhiteTitle "I"]
[BlackTitle "I"]
[WhiteElo "1416"]
[BlackElo "1864"]

1. c4 c6 2. Nc3 d5 3. cxd5 cxd5 4. d4 Nf6 5. g3 Nc6 6. Bg2 Bf5 7. Nf3 e6 8. O-O
Bd6 9. Nb5 Bb8 10. Bg5 h6 11. Bd2 O-O 12. Nc3 a6 13. Na4 Bd6 14. Rc1 Rc8 15. Qb3
b5 16. Nc5 Qb6 17. a4 b4 18. h3 Rc7 19. g4 Be4 20. e3 Rb8 21. g5 hxg5 22. Nxg5
Na5 23. Qd1 Bxc5 24. dxc5 Rxc5 25. Rxc5 Qxc5 26. Nxe4 dxe4 27. Qe2 Qc4 28. Qe1
Nb3 29. f3 exf3 30. Rxf3 Ne4 31. Rf4 Nbxd2 32. Qh4 g5 33. Rg4 Qc1+ 34. Kh2 Qc7+
35. Kg1 f5 36. Rxg5+ Nxg5 37. Qxg5+ Qg7 0-1

[Event "Indywidualne Mistrzostwa Polski do lat 20"]
[Site "Pokrzywna"]
[Date "1899-12-30"]
[Round "6.33"]
[White "Zimny, Jakub"]
[Black "Krawczyk, Eryk"]
[Result "1-0"]
[WhiteTitle "II+"]
[BlackTitle "III"]
[WhiteElo "1569"]
[BlackElo "1233"]

1. e4 e5 2. Nf3 Nc6 3. d4 exd4 4. Nxd4 Nf6 5. Nxc6 bxc6 6. e5 Nd5 7. c4 Nb6 8.
b3 d5 9. exd6 cxd6 10. Bb2 Be6 11. Be2 Qc7 12. O-O O-O-O 13. Nd2 Rg8 14. b4 g5
15. a4 h5 16. a5 Nd7 17. b5 h4 18. Bf3 c5 19. Qa4 g4 20. Bc6 g3 21. b6 Qb8 22.
b7+ Kc7 23. Bc3 Ne5 24. Bxe5 dxe5 25. Ne4 Rd4 26. Nf6 gxh2+ 27. Kh1 Rg6 28. Ne8+
Kd8 29. Rfd1 Ke7 30. Rxd4 exd4 31. Re1 Bg7 32. Qb5 Kf8 33. Qxc5+ Kg8 34. Nxg7
Rxg7 35. Qe5 Qxe5 36. Rxe5 Kf8 37. b8=Q+ Ke7 38. Bd5 f6 39. Rxe6+ Kd7 40. Qd6+
Kc8 41. Re8# 1-0

[Event "Indywidualne Mistrzostwa Polski do lat 20"]
[Site "Pokrzywna"]
[Date "1899-12-30"]
[Round "6.34"]
[White "Boryna, Szymon"]
[Black "Klim, Juliusz"]
[Result "0-1"]
[WhiteTitle "II"]
[BlackTitle "II"]
[WhiteElo "1107"]
[BlackElo "1292"]

1. d4 d5 2. c4 c6 3. Nc3 Nf6 4. Bg5 Ne4 5. Nxe4 dxe4 6. g3 Bf5 7. Bg2 h6 8. Bd2
Qxd4 9. b3 e6 10. Ba5 Qxd1+ 11. Rxd1 b6 12. Bc3 Na6 13. Nh3 Bb4 14. Rc1 O-O-O
15. O-O Bxc3 16. Rxc3 Rd2 17. a3 Nc5 18. b4 Na4 19. Rcc1 Rhd8 20. e3 Nb2 21. f3
exf3 22. Rxf3 Rxg2+ 23. Kxg2 Rd2+ 24. Rf2 Bxh3+ 25. Kg1 Rxf2 26. Kxf2 Nd3+ 27.
Kf3 Nxc1 0-1

[Event "Indywidualne Mistrzostwa Polski do lat 20"]
[Site "Pokrzywna"]
[Date "1899-12-30"]
[Round "6.35"]
[White "Durzynski, Jan"]
[Black "Kowalczyk, Jakub"]
[Result "1/2-1/2"]
[WhiteTitle "II+"]
[BlackTitle "II"]
[WhiteElo "1266"]
[BlackElo "1200"]

1. e4 c5 2. Nf3 e6 3. d4 cxd4 4. Nxd4 a6 5. Bd3 Nf6 6. O-O Qc7 7. f4 d6 8. c4 Nbd7
9. Qe2 b6 10. Nc3 Bb7 11. b4 Be7 12. Be3 O-O 13. Rac1 Nb8 14. a3 Nc6 15. Qf2 Ng4
16. Qe2 Nxe3 17. Qxe3 Bf6 18. Nxc6 Qxc6 19. Rf3 Qc7 20. Rh3 g6 21. f5 Bg7 22.
f6 Bxf6 23. Qh6 Bd4+ 24. Kh1 f5 25. Ne2 Be5 26. c5 dxc5 27. bxc5 Qg7 28. exf5
Qxh6 29. Rxh6 exf5 30. cxb6 Rac8 31. Re1 Rfe8 32. Ng3 Bxg3 33. Rxe8+ Rxe8 34.
hxg3 Re3 35. Bc4+ Kg7 36. Rh3 Rxa3 37. Kg1 g5 38. Rh5 Rxg3 39. Kf1 Bxg2+ 40. Kf2
Rg4 41. Be2 Rb4 42. Kxg2 Rxb6 43. Rxg5+ Rg6 44. Rxg6+ hxg6 45. Bxa6 Kf6 46. Be2
f4 47. Bg4 g5 48. Kf3 Ke5 49. Bh5 Kd4 50. Kg4 1/2-1/2

[Event "Indywidualne Mistrzostwa Polski do lat 20"]
[Site "Pokrzywna"]
[Date "1899-12-30"]
[Round "6.36"]
[White "Czak, Dominik"]
[Black "Stachecki, Mikolaj"]
[Result "0-1"]
[WhiteTitle "II"]
[BlackTitle "I+"]
[WhiteElo "1267"]
[BlackElo "1822"]

1. d4 Nf6 2. c4 g6 3. Nc3 Bg7 4. e4 d6 5. f4 O-O 6. Nf3 Na6 7. Be2 e5 8. fxe5 dxe5
9. d5 Nc5 10. Qc2 Nfxe4 11. Nxe4 Bf5 12. Bd3 Bxe4 13. Bxe4 f5 14. Nxe5 fxe4 15.
Be3 Na6 16. Ng4 Qh4+ 17. Nf2 Nb4 18. Qe2 Nd3+ 19. Kf1 Nxf2 20. Bxf2 Bd4 21. g3
Qf6 22. Kg2 Qxf2+ 23. Qxf2 Rxf2+ 0-1

[Event "Indywidualne Mistrzostwa Polski do lat 20"]
[Site "Pokrzywna"]
[Date "1899-12-30"]
[Round "7.1"]
[White "Janik, Igor"]
[Black "Teclaf, Pawel"]
[Result "0-1"]
[WhiteTitle "IM"]
[BlackTitle "IM"]
[WhiteElo "2489"]
[BlackElo "2477"]

1. e4 c5 2. Nf3 d6 3. Bb5+ Nd7 4. O-O Ngf6 5. Re1 a6 6. Bf1 b6 7. d3 g6 8. Nbd2
Bg7 9. c3 Bb7 10. d4 cxd4 11. cxd4 O-O 12. b3 b5 13. Bb2 Qb6 14. a4 Rac8 15. Bd3
Bc6 16. a5 Qa7 17. b4 e6 18. Rc1 Bb7 19. Nf1 Rxc1 20. Bxc1 Rc8 21. Ng3 Ba8 22.
h3 Nb8 23. Bf4 Nc6 24. Bxd6 Nxd4 25. Nxd4 Qxd4 26. Bc5 Qd8 27. Bb6 Qd6 28. Bc5
Qc6 29. Qb1 Nd7 30. Be3 Ne5 31. Bf1 Nc4 32. Rc1 Bf8 33. Bd3 Qd7 34. Bxc4 bxc4
35. Qb2 Qd3 36. Qd4 Qxd4 37. Bxd4 Bxb4 38. Bc3 Bd6 39. Rd1 Bc7 40. e5 Bc6 41.
Ne2 Rb8 42. Nd4 Bd5 43. f4 Bd8 44. g3 Be7 45. Kf2 Bc5 46. Ke2 Be4 47. g4 h6 48.
Kd2 Rd8 49. Ke3 Bd3 50. Rd2 g5 51. Rf2 f6 52. exf6 gxf4+ 53. Kxf4 Bxd4 54. f7+
Kf8 0-1

[Event "Indywidualne Mistrzostwa Polski do lat 20"]
[Site "Pokrzywna"]
[Date "1899-12-30"]
[Round "7.2"]
[White "Szpar, Milosz"]
[Black "Kosakowski, Jakub"]
[Result "1/2-1/2"]
[WhiteTitle "FM"]
[BlackTitle "IM"]
[WhiteElo "2449"]
[BlackElo "2431"]

1. e4 e5 2. Nf3 Nc6 3. Bb5 a6 4. Ba4 Nf6 5. O-O Be7 6. Re1 b5 7. Bb3 d6 8. c3 O-O
9. h3 Bb7 10. d4 Re8 11. Nbd2 Bf8 12. a3 h6 13. Bc2 Nb8 14. b4 Nbd7 15. Bb2 Nb6
16. Qb1 Qd7 17. Nf1 Rad8 18. Ng3 g6 19. Qa2 Nc4 20. Rad1 Nxb2 21. Qxb2 Qe7 22.
Qa2 Bg7 23. Re3 Nd7 24. d5 c6 25. dxc6 Bxc6 26. c4 Nb6 27. cxb5 axb5 28. Bb3 Rc8
29. Ne2 Rc7 30. Nc3 Bf8 31. Qe2 Qd7 32. Nd2 Ra8 33. Rf3 Qe8 34. Ndb1 Kg7 35. Kh2
Rd8 36. Bd5 Nxd5 37. Nxd5 Rcc8 38. Nbc3 Rb8 39. Rfd3 Qe6 40. Rf3 f5 41. exf5 gxf5
42. g4 Kh8 43. gxf5 Qf7 44. Qd3 Rbc8 45. Nxb5 e4 46. Qd4+ e3 1/2-1/2